Panic je nanic

Podrobná bibliografia
Ďalší autori: Macharáček, Ivo, 1976- (Režisér)
Médium: Video DVD
Jazyk:čeština
Fyzický popis:1 videodisk (DVD) (95 min.) zvuk DD 5.1, fareb., PAL 16:9 12 cm
Vydavateľské údaje: [Bratislava] Ringier [2008]
Predmet:

MARC

LEADER 00000ngm a2200000 a 4500
001 vtls010033357
003 SK-MaSNL
005 20260301030337.0
007 vd cvaizs
008 091218s2008 xo 095 e vlcze
040 |a SNK  |b slo  |c SNK  |e AACR2 
041 0 |a cze  |b eng 
044 |a xo  |c SK 
072 7 |a 791  |x Film. Cirkus. Ľudová zábava  |2 konspekt 
080 |a 791.221.2(437.3)  |2 2001 
080 |a (0.034.44)  |2 2001 
245 0 0 |a Panic je nanic  |h videozáznam  |c [réžia] Ivo Macharáček 
260 |a [Bratislava]  |b Ringier  |c [2008] 
300 |a 1 videodisk (DVD) (95 min.)  |b zvuk DD 5.1, fareb., PAL 16:9  |c 12 cm 
500 |a Názov z disku 
511 0 |a Hrá Šárka Vaňková 
521 8 |a Nevhodné pre deti do 12 r. 
546 |a V originálnom čes. znení, obsahuje angl. titulky 
650 0 7 |a hrané filmy  |2 SNKPH  |9 68885 
650 0 7 |a filmová komédia  |2 SNKPH  |9 73961 
655 7 |a DVD  |2 SNKPH  |9 70751 
700 1 |a Macharáček, Ivo,  |d 1976-  |4 drt  |9 134419 
999 |c 574249  |d 576179 
952 |a SNK  |b SNK  |y PREZ  |7 0  |p 17A0640556  |o snkSDVD 654  |i snk2009/22661  |8 0  |0 0  |1 0  |4 0  |d 2009-12-18  |l 0  |r 2026-02-23 14:27:46  |w 2026-02-23